Govt. of
Madhya Pradesh

शुकाचार्य (वैश्‍िवक सांस्‍कृतिक उपन्‍यास (Record no. 48835)

MARC details
000 -LEADER
fixed length control field 005770000a22001570004500
003 - CONTROL NUMBER IDENTIFIER
control field MACL
005 - DATE AND TIME OF LATEST TRANSACTION
control field 20180209131041.0
008 - FIXED-LENGTH DATA ELEMENTS--GENERAL INFORMATION
fixed length control field 180209b xxu||||| |||| 00| 0 eng d
040 ## - CATALOGING SOURCE
Transcribing agency macl
100 ## - MAIN ENTRY--PERSONAL NAME
Personal name मिश्र ,श्री कृष्‍ण
9 (RLIN) 70326
245 ## - TITLE STATEMENT
Title शुकाचार्य (वैश्‍िवक सांस्‍कृतिक उपन्‍यास
260 ## - PUBLICATION, DISTRIBUTION, ETC. (IMPRINT)
Place of publication, distribution, etc. दिल्‍ली
Name of publisher, distributor, etc. इंडियन पब्किेशन
Date of publication, distribution, etc. 2008
350 ## - PRICE (NR) (BK AM CF MU VM SE) [OBSOLETE]
Price 350
650 ## - SUBJECT ADDED ENTRY--TOPICAL TERM
Topical term or geographic name as entry element उपन्‍यास
9 (RLIN) 70327
942 ## - ADDED ENTRY ELEMENTS (KOHA)
Koha item type Hindi Books
Call number prefix 891.433/MIS/N
Source of classification or shelving scheme
Holdings
Withdrawn status Lost status Source of classification or shelving scheme Damaged status Not for loan Home library Current library Date acquired Total Checkouts Total Renewals Full call number Barcode Date last seen Date last checked out Uniform Resource Identifier Price effective from Koha item type
          MACL MACL 15/04/2015 6 2 891.433/MIS/N BOOK CRH030618 13/12/2024 27/11/2024 49627 15/04/2015 Books